<?xml version="1.0" encoding="UTF-8"?>
<record
    xmlns:xsi="http://www.w3.org/2001/XMLSchema-instance"
    xsi:schemaLocation="http://www.loc.gov/MARC21/slim http://www.loc.gov/standards/marcxml/schema/MARC21slim.xsd"
    xmlns="http://www.loc.gov/MARC21/slim">

  <leader>01279nam a2200181   4500</leader>
  <controlfield tag="001">8391</controlfield>
  <controlfield tag="005">20181127185812.0</controlfield>
  <datafield tag="020" ind1="0" ind2="0">
    <subfield code="a">9789351524007</subfield>
  </datafield>
  <datafield tag="090" ind1="0" ind2="0">
    <subfield code="a">612</subfield>
  </datafield>
  <datafield tag="100" ind1="0" ind2="0">
    <subfield code="a">Ashalatha, P R .</subfield>
  </datafield>
  <datafield tag="245" ind1="0" ind2="0">
    <subfield code="a">Textbook of anatomy and physiology for nurses /</subfield>
    <subfield code="b"></subfield>
    <subfield code="c">P R Ashalatha; G Deepa</subfield>
    <subfield code="h"></subfield>
  </datafield>
  <datafield tag="250" ind1="0" ind2="0">
    <subfield code="a">Fourth edition</subfield>
  </datafield>
  <datafield tag="260" ind1="0" ind2="0">
    <subfield code="a">New Delhi :</subfield>
    <subfield code="b">Jaypee Brothers Medical Publishers ;</subfield>
    <subfield code="c">2015.</subfield>
  </datafield>
  <datafield tag="300" ind1="0" ind2="0">
    <subfield code="a">xvii, 600 pages : illustrations ; 28 cm.</subfield>
  </datafield>
  <datafield tag="505" ind1=" " ind2=" ">
    <subfield code="a">CONTENTS : Body and Its Constituents1.Introduction to  Anatomy and Physiology2.Introduction to Chemistry of  Life3A. Organization of Human Body-Cell Level3B.  Organization of Human Body-Tissue LevelSection 2: Blood  and Lymphatics4.Blood5.Lymphatic System6. Resistance and  ImmunitySection 3: Organ Systems7.Nervous System8A.  Musculoskeletal System-Muscular System8B. Musculoskeletal  System-Skeletal System8C. Musculoskeletal System-Joints9.  Respiratory System10A. Cardiovascular System-Heart10B.  Cardiovascular System-Blood Vessels11. Digestive  System12. Urinary System13. Introduction to Genetics14.  Reproductive System15. Endocrine System16. Special  Senses17. Skin and Temperature RegulationSection 4:  Nutrition18. Introduction to NutritionGlossaryIndex</subfield>
    <subfield code="g"></subfield>
    <subfield code="r"></subfield>
    <subfield code="t"></subfield>
  </datafield>
  <datafield tag="650" ind1="0" ind2="0">
    <subfield code="a">Anatomy.</subfield>
    <subfield code="x"></subfield>
  </datafield>
  <datafield tag="650" ind1="0" ind2="0">
    <subfield code="a">Physiology.</subfield>
    <subfield code="x"></subfield>
  </datafield>
  <datafield tag="999" ind1=" " ind2=" ">
    <subfield code="c">7252</subfield>
    <subfield code="d">7252</subfield>
  </datafield>
  <datafield tag="952" ind1=" " ind2=" ">
    <subfield code="0">0</subfield>
    <subfield code="1">0</subfield>
    <subfield code="2">ddc</subfield>
    <subfield code="4">0</subfield>
    <subfield code="7">0</subfield>
    <subfield code="8">MAIN</subfield>
    <subfield code="a">RTCLIB</subfield>
    <subfield code="b">RTCLIB</subfield>
    <subfield code="c">MAIN</subfield>
    <subfield code="d">2021-08-05</subfield>
    <subfield code="h"> </subfield>
    <subfield code="i">12834</subfield>
    <subfield code="l">20</subfield>
    <subfield code="m">20</subfield>
    <subfield code="o">612 ASH</subfield>
    <subfield code="p">30012755</subfield>
    <subfield code="q">2026-05-21</subfield>
    <subfield code="r">2026-02-26 08:32:28</subfield>
    <subfield code="s">2026-02-26</subfield>
    <subfield code="t">1</subfield>
    <subfield code="w">2018-11-27</subfield>
    <subfield code="y">MAIN</subfield>
  </datafield>
  <datafield tag="952" ind1=" " ind2=" ">
    <subfield code="0">0</subfield>
    <subfield code="1">0</subfield>
    <subfield code="2">ddc</subfield>
    <subfield code="4">0</subfield>
    <subfield code="7">0</subfield>
    <subfield code="8">MAIN</subfield>
    <subfield code="a">RTCLIB</subfield>
    <subfield code="b">RTCLIB</subfield>
    <subfield code="c">MAIN</subfield>
    <subfield code="d">2021-08-05</subfield>
    <subfield code="h"> </subfield>
    <subfield code="i">12836</subfield>
    <subfield code="l">24</subfield>
    <subfield code="m">16</subfield>
    <subfield code="o">612  ASH</subfield>
    <subfield code="p">30011763</subfield>
    <subfield code="r">2025-10-08 00:00:00</subfield>
    <subfield code="s">2025-09-20</subfield>
    <subfield code="t">2</subfield>
    <subfield code="w">2018-11-27</subfield>
    <subfield code="y">MAIN</subfield>
  </datafield>
  <datafield tag="952" ind1=" " ind2=" ">
    <subfield code="0">0</subfield>
    <subfield code="1">0</subfield>
    <subfield code="2">ddc</subfield>
    <subfield code="4">0</subfield>
    <subfield code="7">0</subfield>
    <subfield code="8">MAIN</subfield>
    <subfield code="a">RTCLIB</subfield>
    <subfield code="b">RTCLIB</subfield>
    <subfield code="c">MAIN</subfield>
    <subfield code="d">2021-08-05</subfield>
    <subfield code="h"> </subfield>
    <subfield code="i">12837</subfield>
    <subfield code="l">22</subfield>
    <subfield code="m">17</subfield>
    <subfield code="o">612  ASH</subfield>
    <subfield code="p">30012801</subfield>
    <subfield code="r">2025-09-17 00:00:00</subfield>
    <subfield code="s">2025-09-06</subfield>
    <subfield code="t">3</subfield>
    <subfield code="w">2018-11-27</subfield>
    <subfield code="y">MAIN</subfield>
  </datafield>
  <datafield tag="952" ind1=" " ind2=" ">
    <subfield code="0">0</subfield>
    <subfield code="1">0</subfield>
    <subfield code="2">ddc</subfield>
    <subfield code="4">0</subfield>
    <subfield code="7">0</subfield>
    <subfield code="8">MAIN</subfield>
    <subfield code="a">RTCLIB</subfield>
    <subfield code="b">RTCLIB</subfield>
    <subfield code="c">MAIN</subfield>
    <subfield code="d">2021-08-05</subfield>
    <subfield code="h"> </subfield>
    <subfield code="i">12833</subfield>
    <subfield code="l">19</subfield>
    <subfield code="m">17</subfield>
    <subfield code="o">612  ASH</subfield>
    <subfield code="p">30011943</subfield>
    <subfield code="r">2025-10-15 00:00:00</subfield>
    <subfield code="s">2025-09-11</subfield>
    <subfield code="t">4</subfield>
    <subfield code="w">2018-11-27</subfield>
    <subfield code="y">MAIN</subfield>
  </datafield>
</record>
